<?xml version="1.0" encoding="UTF-8"?>
<record
    xmlns:xsi="http://www.w3.org/2001/XMLSchema-instance"
    xsi:schemaLocation="http://www.loc.gov/MARC21/slim http://www.loc.gov/standards/marcxml/schema/MARC21slim.xsd"
    xmlns="http://www.loc.gov/MARC21/slim">

  <leader>02758nam a2200433 i 4500</leader>
  <controlfield tag="001">195663</controlfield>
  <controlfield tag="003">SpMaBN</controlfield>
  <controlfield tag="005">20260216183922.0</controlfield>
  <controlfield tag="007">ta</controlfield>
  <controlfield tag="008">240702s2022    sp a   | ||||o000 0 spa  </controlfield>
  <datafield tag="017" ind1=" " ind2=" ">
    <subfield code="a">CC 134-2022</subfield>
    <subfield code="b">Oficina Dep&#xF3;sito Legal C&#xE1;ceres</subfield>
  </datafield>
  <datafield tag="035" ind1=" " ind2=" ">
    <subfield code="a">a7157126</subfield>
  </datafield>
  <datafield tag="040" ind1=" " ind2=" ">
    <subfield code="a">SpMaBN</subfield>
    <subfield code="b">spa</subfield>
    <subfield code="c">SpMaBN</subfield>
    <subfield code="e">rda</subfield>
    <subfield code="d">ES-MaACL</subfield>
  </datafield>
  <datafield tag="080" ind1=" " ind2=" ">
    <subfield code="a">903(460.251 Montehermoso)</subfield>
  </datafield>
  <datafield tag="080" ind1=" " ind2=" ">
    <subfield code="a">94(460.251 Montehermoso)</subfield>
  </datafield>
  <datafield tag="245" ind1="0" ind2="3">
    <subfield code="a">El patrimonio etnogr&#xE1;fico, arqueol&#xF3;gico y religioso de Montehermoso /</subfield>
    <subfield code="c">Jos&#xE9; Antonio Ramos Rubio, Raul G&#xF3;mez Ferreira, Juan Jes&#xFA;s S&#xE1;nchez Alc&#xF3;n, Oscar de San Macario S&#xE1;nchez.</subfield>
  </datafield>
  <datafield tag="264" ind1=" " ind2="1">
    <subfield code="a">C&#xE1;ceres :</subfield>
    <subfield code="b">Diputaci&#xF3;n de C&#xE1;ceres,</subfield>
    <subfield code="c">2022</subfield>
  </datafield>
  <datafield tag="300" ind1=" " ind2=" ">
    <subfield code="a">371 p&#xE1;ginas :</subfield>
    <subfield code="b">ilustraciones (blanco y negro y color) ;</subfield>
    <subfield code="c">24 cm</subfield>
  </datafield>
  <datafield tag="336" ind1=" " ind2=" ">
    <subfield code="a">Texto</subfield>
    <subfield code="a">Imagen fija</subfield>
    <subfield code="2">rdacontent</subfield>
  </datafield>
  <datafield tag="337" ind1=" " ind2=" ">
    <subfield code="a">sin mediaci&#xF3;n</subfield>
    <subfield code="2">rdamedia</subfield>
  </datafield>
  <datafield tag="338" ind1=" " ind2=" ">
    <subfield code="a">volumen</subfield>
    <subfield code="2">rdacarrier</subfield>
  </datafield>
  <datafield tag="500" ind1=" " ind2=" ">
    <subfield code="a">Precede al t&#xED;tulo: Ayuntamiento Montehermoso</subfield>
  </datafield>
  <datafield tag="504" ind1=" " ind2=" ">
    <subfield code="a">Bibliograf&#xED;a: p&#xE1;xinas 315-321</subfield>
  </datafield>
  <datafield tag="520" ind1=" " ind2=" ">
    <subfield code="a">Esta obra ha sido investigada y escrita por cuatro investigadores extreme&#xF1;os, Jos&#xE9; Antonio Ramos, Juan Jes&#xFA;s S&#xE1;nchez, Ra&#xFA;l G&#xF3;mez y &#xD3;scar de San Mario, que han realizado una importante labor de campo y archiv&#xED;stica para dar a conocer el patrimonio etnogr&#xE1;fico, art&#xED;stico y arqueol&#xF3;gico de una poblaci&#xF3;n que cuenta con un gran n&#xFA;mero de d&#xF3;lmenes y restos arqueol&#xF3;gicos en la dehesa boyal. Y que adem&#xE1;s de conservar uno de los mejores patrimonios religiosos de la provincia de C&#xE1;ceres, es famoso por sus talleres artesanales y sus coloridas gorras de mujer que caracterizan sus trajes regionales, cuyo principal y m&#xE1;s popular conjunto lo forma la "gorra montehermose&#xF1;a".

El trabajo que presentan los cuatro autores es un compendio de historia, patrimonio cultural y etnogr&#xE1;fico, un abanico patrimonial al que se le ha dado merecida fama entre los pueblos y ciudades monumentales de Extremadura.</subfield>
  </datafield>
  <datafield tag="651" ind1=" " ind2="7">
    <subfield code="a">Montehermoso (C&#xE1;ceres)</subfield>
    <subfield code="x">Restos arqueol&#xF3;gicos</subfield>
    <subfield code="9">237315</subfield>
  </datafield>
  <datafield tag="651" ind1=" " ind2="7">
    <subfield code="a">Montehermoso (C&#xE1;ceres)</subfield>
    <subfield code="x">Historia</subfield>
    <subfield code="9">237316</subfield>
  </datafield>
  <datafield tag="700" ind1="1" ind2=" ">
    <subfield code="a">Ramos Rubio, Jos&#xE9; Antonio,</subfield>
    <subfield code="d">1963-</subfield>
    <subfield code="e">aut</subfield>
    <subfield code="9">174430</subfield>
  </datafield>
  <datafield tag="700" ind1=" " ind2=" ">
    <subfield code="a">G&#xF3;mez Ferreira, Ra&#xFA;l</subfield>
    <subfield code="9">236629</subfield>
    <subfield code="e">aut</subfield>
  </datafield>
  <datafield tag="700" ind1=" " ind2=" ">
    <subfield code="a">S&#xE1;nchez Alc&#xF3;n, Juan Jes&#xFA;s</subfield>
    <subfield code="9">237317</subfield>
    <subfield code="e">aut</subfield>
  </datafield>
  <datafield tag="700" ind1=" " ind2=" ">
    <subfield code="a">San Macario S&#xE1;nchez, &#xD3;scar de</subfield>
    <subfield code="9">235664</subfield>
    <subfield code="e">aut</subfield>
  </datafield>
  <datafield tag="852" ind1=" " ind2=" ">
    <subfield code="a">ES-MaACL</subfield>
    <subfield code="b">R.153473</subfield>
    <subfield code="c">DEPOJ</subfield>
    <subfield code="j">N-8694</subfield>
    <subfield code="h">Donaci&#xF3;n: Jos&#xE9; Antonio Ramos Rubio </subfield>
    <subfield code="9">203857</subfield>
    <subfield code="x">Encuadernaci&#xF3;n r&#xFA;stica con solapas</subfield>
  </datafield>
  <datafield tag="903" ind1=" " ind2=" ">
    <subfield code="a">Ramos Rubio, Jos&#xE9; Antonio,</subfield>
    <subfield code="d">1963-</subfield>
    <subfield code="e">dnr</subfield>
    <subfield code="9">174430</subfield>
  </datafield>
  <datafield tag="942" ind1=" " ind2=" ">
    <subfield code="n">0</subfield>
    <subfield code="c">MONOGRAFIA</subfield>
  </datafield>
  <datafield tag="999" ind1=" " ind2=" ">
    <subfield code="c">195663</subfield>
    <subfield code="d">195663</subfield>
  </datafield>
  <datafield tag="952" ind1=" " ind2=" ">
    <subfield code="0">0</subfield>
    <subfield code="1">0</subfield>
    <subfield code="2">udc</subfield>
    <subfield code="4">0</subfield>
    <subfield code="7">0</subfield>
    <subfield code="a">ATENEOM</subfield>
    <subfield code="b">ATENEOM</subfield>
    <subfield code="c">DEPOJ</subfield>
    <subfield code="d">2024-07-02</subfield>
    <subfield code="e">DONACION</subfield>
    <subfield code="l">0</subfield>
    <subfield code="o">N-8694</subfield>
    <subfield code="p">101228712</subfield>
    <subfield code="r">2024-07-02 00:00:00</subfield>
    <subfield code="w">2024-07-02</subfield>
    <subfield code="y">MONOGRAFIA</subfield>
  </datafield>
</record>
